000 00980nam a2200313Ia 4500
003 OSt
005 20221007124804.0
006 a|||||r|||| 00| 0
007 ta
008 221006b |||||||| |||| 00| 0 eng d
020 _a9780849339295 (pbk)
024 _a195027
037 _b954, 30/10/2015, Dhanraj Book House
_cTextual
040 _aCDL
_cCDL
_beng
041 _2eng
_aeng
082 _aE:283, Q1;1 Carc
100 _aYoung Robert J
_9427385
245 0 _aIntroduction to polymers
_b Lovell Peter A
250 _a3
260 _aBoca
_bRaton CRC
_c2011
300 _axx, 668p. ill.
_ccm.
500 _aIndex 653-668p.
650 _a Ionic polymerization
_9720478
650 _a Scattering methods
_9719682
650 _aPolymer composites
_9720479
700 _a Lovell Peter A
_9719685
942 _hE:283, Q1;1 Carc
_cTEXL
_2CC
999 _c1214118
_d1214118